| 000 | 004750000a22001930004500 | ||
|---|---|---|---|
| 001 | 003534 | ||
| 003 | MACL | ||
| 005 | 20150903162633.0 | ||
| 008 | 150903b xxu||||| |||| 00| 0 eng d | ||
| 040 |
_aMACL _cMACL |
||
| 041 | _aEnglish | ||
| 082 | _a808/PAD | ||
| 100 |
_aGhosh, Prabir _98998 |
||
| 245 |
_aThe Mystery Of Mother Teresa & Sainthood _cPrabir Ghosh |
||
| 260 |
_aKolkata _c2006 _bDey's, |
||
| 350 | _a150 | ||
| 650 |
_aLiterature _98999 |
||
| 942 |
_k808 _cBK _2ddc |
||
| 999 |
_c15434 _d15434 |
||